Detalles MARC
| 000 -CABECERA |
| campo de control de longitud fija |
01115nam a2200289 i 4500 |
| 003 - IDENTIFICADOR DEL NÚMERO DE CONTROL |
| campo de control |
DO-SdBNP |
| 005 - FECHA Y HORA DE LA ÚLTIMA TRANSACCIÓN |
| campo de control |
20230627134056.0 |
| 007 - CAMPO FIJO DE DESCRIPCIÓN FÍSICA--INFORMACIÓN GENERAL |
| campo de control de longitud fija |
ta |
| 008 - DATOS DE LONGITUD FIJA--INFORMACIÓN GENERAL |
| campo de control de longitud fija |
201204b2018 dr spa ac|| |||| 00| 0 spa d |
| 040 ## - FUENTE DE LA CATALOGACIÓN |
| Centro catalogador/agencia de origen |
DO-SdBNP |
| Lengua de catalogación |
spa |
| Centro/agencia transcriptor |
BNPHU |
| Normas de descripción |
rda |
| 082 #4 - NÚMERO DE LA CLASIFICACIÓN DECIMAL DEWEY |
| Número de clasificación |
920.7 |
| Número de documento/Ítem |
D542p |
| Número de edición |
22 |
| 100 1# - ENTRADA PRINCIPAL--NOMBRE DE PERSONA |
| Nombre de persona |
Díaz, Zoilo Fernando, |
| Fechas asociadas al nombre |
1980- |
| 9 (RLIN) |
72552 |
| 245 10 - MENCIÓN DE TÍTULO |
| Título |
Personajes históricos : |
| Resto del título |
lo ilustre e indeleble; virtud en el hogar de la patria / |
| Mención de responsabilidad, etc. |
Zoilo Fernando Díaz |
| 246 14 - FORMA VARIANTE DE TÍTULO |
| Título propio/Titulo breve |
Personajes históricos lo ilustre e indeleble : |
| Resto del título |
"valores de nuestra patria" |
| 264 ## - PRODUCCIÓN, PUBLICACIÓN, DISTRIBUCIÓN, FABRICACIÓN Y COPYRIGHT |
| Producción, publicación, distribución, fabricación y copyright |
Santiago de los Caballeros, República Dominicana, |
| Nombre del de productor, editor, distribuidor, fabricante |
L & R, |
| Fecha de producción, publicación, distribución, fabricación o copyright |
2018. |
| 300 ## - DESCRIPCIÓN FÍSICA |
| Extensión |
105 páginas : |
| Otras características físicas |
ilustraciones y retratos ; |
| Dimensiones |
22 cm. |
| 336 ## - TIPO DE CONTENIDO |
| Fuente |
rdacontent |
| Término de tipo de contenido |
texto |
| Código de tipo de contenido |
txt |
| 337 ## - TIPO DE MEDIO |
| Fuente |
rdamedia |
| Nombre/término del tipo de medio |
sin mediación |
| Código del tipo de medio |
n |
| 338 ## - TIPO DE SOPORTE |
| Fuente |
rdacarrier |
| Nombre/término del tipo de soporte |
volumen |
| Código del tipo de soporte |
nc |
| 490 0# - MENCIÓN DE SERIE |
| Mención de serie |
Sociedad y cultura |
| 504 ## - NOTA DE BIBLIOGRAFÍA, ETC. |
| Nota de bibliografía, etc. |
<br/><br/> |
| 590 ## - NOTA LOCAL (RLIN) |
| Nota local |
Inventariado, 2021/VM<br/><br/> |
| 650 #4 - PUNTO DE ACCESO ADICIONAL DE MATERIA--TÉRMINO DE MATERIA |
| Término de materia o nombre geográfico como elemento de entrada |
Personajes históricos |
| Subdivisión geográfica |
República Dominicana |
| Subdivisión de forma |
Biografías |
| 9 (RLIN) |
77689 |
| 651 #4 - PUNTO DE ACCESO ADICIONAL DE MATERIA--NOMBRE GEOGRÁFICO |
| Nombre geográfico |
República Dominicana |
| 9 (RLIN) |
170 |
| Subdivisión de forma |
Biografías |
| 910 ## - DATOS DE OPCIÓN DEL USUARIO (OCLC) |
| Datos de opción del usuario |
VMateo/Validado. Control de calidad MFF |
| 942 ## - ELEMENTOS DE PUNTO DE ACCESO ADICIONAL (KOHA) |
| Fuente del sistema de clasificación o colocación |
Dewey Decimal Classification |
| Tipo de ítem Koha |
Libro |